Top 11 Best-selling Beatles Albums In Order - Statistics

General Stats
  • This quiz has been taken 557 times
    550 since last reset
  • The average score is 3 of 11
Answer Stats
No. Answer % Correct
1. The Beatles
96%
4. Abbey Road
48%
10. Revolver
36%
9. Rubber Soul
34%
6. Sgt. Pepper's Lonely Hearts Club Band
30%
11. With The Beatles
21%
8. Magical Mystery Tour
19%
5. 1
11%
3. The Beatles 1962-1966
8%
2. The Beatles 1967-1970
8%
7. The Beatles Anthology Volume One
0%
No matching quizzes found
Score Distribution
Percent of People with Each Score
Percentile by Number Answered
Your Score History
You have not taken this quiz since the last reset